000 02503nam a2200325 4500
001 243
003 OSt
005 20250528074016.0
008 250206b |||||||e |||| 00| 1 eng d
020 _a9788532500762
040 _bpor
041 _heng
_apor
082 _a823
_bF667p
100 1 _aFollett, Ken,
_d1949-
_9453
240 _aThe pillars of the Earth
245 _aOs pilares da Terra -
_bVolume II /
_cFollett, Ken ; Tradução de Paulo Azevedo
260 _aRio de Janeiro
_bRocco
_c1992
300 _a607 p.
520 _aKen Follett, mestre do suspense e da ação, não poderia ter escolhido tema mais inusitado na sua trajetória literária, pautada por romances de espionagem: a construção de uma catedral gótica na Inglaterra do século XII. Impondo o seu ritmo ágil a uma história que recria uma época marcada pelo poder da Igreja e dos cavaleiros, e pela arquitetura como máxima expressão artística, Follett escreve um romance que segue, inclusive estruturalmente, o levantamento do chão da uma obra-prima de pedra e delicados ornamentos. No segundo volume o fio condutor da narrativa passa a ser Jack Shareburg, o filho de Ellen com trovador injustamente condenado à morte na forca. Criado por Tom, Jack vê impelido a correr o mundo pela impossibilidade de se casar com Aliena, noiva de seu irmão, e pela incapacidade de se adaptar ao noviciado. Decidido a fazer o Caminho de Santiago de Compostela, ele entra em contato, no percurso, com a cultura sarracena e vai a Paris a tempo de ver construída a catedral de Saint-Denis. É ali que reencontra Aliena e o filho, e decide voltar à Inglaterra, para cumprir o que julga ser sua missão: levar as conquistas do gótico francês, a mistura de solidez e leveza, para a reconstrução da catedral de Kingsbridge. As tramas paralelas, desenvolvidas por Follett no primeiro volume, ganham na segunda parte fôlego surpreendente. Movimentos camponeses, conspirações, procissões improvisadas, tudo reflete a agitação do final do século e a mudança galopante das feições da Inglaterra feudal. Os mistérios propostos no início do romance são desvendados, as peças do quebra-cabeças encaixam-se.
650 0 _aLiteratura Inglesa
_989
650 0 _aHistórico
_953
650 0 _aMedieval
_9170
650 0 _aReligião
_9100
650 0 _aClássicos
_977
650 0 _aFilme
_926
655 0 _aRomance
_923
655 0 _aFicção
_922
700 _aPaulo Azevedo
_eTradutor
_9451
942 _2ddc
_n0
_cBK
999 _c243
_d243